000
00213nam a22000857a 4500
008
160811b xxu||||| |||| 00| 0 eng d
100
_9
121
_a
Yash Pal
245
_a
Biology-IX
260
_a
New Delhi
_b
Arya publication
_c
2010
999
_c
2776
_d
2776